[Event "Open de Cambrai 2010"]
[Site "Cambrai"]
[Date "2010.??.??"]
[Round "2"]
[White "Chalabi, Max"]
[Black "Lucas, Bernard"]
[Result "0-1"]
[WhiteElo "1465"]
[BlackElo "1674"]
[PlyCount "54"]
[EventDate "2010.06.??"]
[EventType "swiss"]
[EventRounds "6"]
[EventCountry "FRA"]

1. e4 e6 2. d4 d5 3. Nc3 Nf6 4. Bg5 Be7 5. e5 Nfd7 6. Bxe7 Qxe7 7. f4 c5 8. Nb5
Kd8 9. Nd6 Nc6 10. dxc5 Nxc5 11. Nf3 b6 12. Ng5 Rf8 13. Qh5 f6 14. Nxh7 Rg8 15.
Nf7+ Kc7 16. Qg6 Ne4 17. exf6 Qb4+ 18. Ke2 Qd2+ 19. Kf3 Nd4+ 20. Kg4 Nf2+ 21.
Kh5 Qxf4 22. Nh6 Qxh6+ 23. Qxh6 gxh6 24. Rg1 Nf5 25. f7 Bd7 26. fxg8=Q Rxg8 27.
g4 Be8# 0-1

[Event "Open de Cambrai 2010"]
[Site "Cambrai"]
[Date "2010.??.??"]
[Round "2"]
[White "Pizzo, Cyril"]
[Black "Mueller, David"]
[Result "1-0"]
[WhiteElo "1828"]
[BlackElo "1626"]
[PlyCount "43"]
[EventDate "2010.06.??"]
[EventType "swiss"]
[EventRounds "6"]
[EventCountry "FRA"]

1. d4 d5 2. Nf3 Bf5 3. e3 Nf6 4. Bd3 Bg6 5. O-O e6 6. Ne5 Bxd3 7. Qxd3 Nbd7 8.
Nd2 c5 9. b3 a6 10. Bb2 Rb8 11. f4 g6 12. e4 Bg7 13. exd5 Nxd5 14. Ne4 cxd4 15.
Nd6+ Kf8 16. Ndxf7 Qc7 17. Ba3+ Ne7 18. Bd6 Qc8 19. Bxb8 Nxb8 20. Nxh8 Bxh8 21.
Qxd4 Nf5 22. Nxg6+ 1-0

[Event "Open de Cambrai 2010"]
[Site "Cambrai"]
[Date "2010.??.??"]
[Round "2"]
[White "Krotkiewski, Jean Paul"]
[Black "Cousin, Fleur"]
[Result "1-0"]
[WhiteElo "1430"]
[BlackElo "1030"]
[PlyCount "83"]
[EventDate "2010.06.??"]
[EventType "swiss"]
[EventRounds "6"]
[EventCountry "FRA"]

1. e4 e5 2. Nf3 d6 3. Nc3 Be6 4. d3 Nf6 5. Be2 d5 6. Ng5 Qd7 7. Nxe6 Qxe6 8.
O-O Be7 9. exd5 Nxd5 10. Bg4 Qd6 11. Re1 Nc6 12. Bd2 O-O 13. Nb5 Qd8 14. Ba5 b6
15. Bd2 Re8 16. Bf3 a6 17. Na3 Bg5 18. c4 Nf4 19. Bxc6 Qd6 20. Bxa8 Rxa8 21.
Qf3 Re8 22. h4 Nxd3 23. Bxg5 Nxe1 24. Rxe1 h6 25. Be3 Qd7 26. Qb7 a5 27. c5 Qg4
28. g3 Re6 29. Qg2 Qb4 30. Rb1 bxc5 31. Qf3 Re8 32. Qd5 a4 33. Nc2 Qb6 34. Bxc5
Qf6 35. Re1 g5 36. Qd7 Re6 37. Nb4 gxh4 38. Nd5 Qf3 39. Be7 Rg6 40. Bxh4 e4 41.
Qd8+ Kh7 42. Nf6+ 1-0

[Event "Open de Cambrai 2010"]
[Site "Cambrai"]
[Date "2010.??.??"]
[Round "2"]
[White "Jadin, Yves"]
[Black "Fabre, Laurent"]
[Result "1-0"]
[WhiteElo "1750"]
[BlackElo "1863"]
[PlyCount "41"]
[EventDate "2010.06.??"]
[EventType "swiss"]
[EventRounds "6"]
[EventCountry "FRA"]

1. d4 d5 2. Nf3 Nf6 3. e3 e6 4. Bd3 c5 5. c3 Nc6 6. Nbd2 cxd4 7. cxd4 Be7 8.
O-O O-O 9. a3 b6 10. b4 Bb7 11. Bb2 Rc8 12. Qe2 Rc7 13. Rac1 Qd6 14. Ne5 Rfc8
15. Ndf3 a5 16. b5 Nb8 17. Ng5 Bf8 18. Rxc7 Rxc7 19. Rc1 Re7 20. Qc2 Nbd7 21.
Bxh7+ 1-0

[Event "Open de Cambrai 2010"]
[Site "Cambrai"]
[Date "2010.??.??"]
[Round "2"]
[White "Honoré, Adrien"]
[Black "Bor, Jean Michel"]
[Result "1-0"]
[WhiteElo "1380"]
[BlackElo "1410"]
[PlyCount "47"]
[EventDate "2010.06.??"]
[EventType "swiss"]
[EventRounds "6"]
[EventCountry "FRA"]

1. e4 e5 2. Nf3 Nc6 3. Nc3 Bc5 4. Nxe5 Bxf2+ 5. Kxf2 Nxe5 6. d4 Ng6 7. Bc4 N8e7
8. Rf1 O-O 9. Bg5 h6 10. Be3 Kh7 11. Kg1 f5 12. Bd3 fxe4 13. Bxe4 Rxf1+ 14.
Qxf1 d5 15. Bd3 Be6 16. Ne2 Qd6 17. Qf4 Qd7 18. Rf1 Rf8 19. Qxf8 h5 20. Ng3 h4
21. Nh5 Nc6 22. Bxg6+ Kxg6 23. Qh8 h3 24. Nf4+ 1-0

[Event "Open de Cambrai 2010"]
[Site "Cambrai"]
[Date "2010.??.??"]
[Round "2"]
[White "Lever, Erwan"]
[Black "Garcia, Diego"]
[Result "0-1"]
[WhiteElo "1595"]
[BlackElo "1560"]
[PlyCount "72"]
[EventDate "2010.06.??"]
[EventType "swiss"]
[EventRounds "6"]
[EventCountry "FRA"]

1. d4 d5 2. Nf3 Nf6 3. Bf4 Bg4 4. e3 e6 5. c4 Bd6 6. Bg3 Bxg3 7. hxg3 c6 8.
Nbd2 Nbd7 9. Qc2 Bf5 10. Bd3 Bxd3 11. Qxd3 dxc4 12. Nxc4 Qe7 13. Qb3 Rb8 14.
O-O O-O 15. Rac1 Ne4 16. Qd3 f5 17. Rfd1 Rbd8 18. Nfe5 Nd6 19. Qa3 Nf6 20. Qxa7
Nxc4 21. Rxc4 Ra8 22. Qc5 Qxc5 23. Rxc5 Rxa2 24. b4 Rfa8 25. Nc4 Ne4 26. Ra5
Rxf2 27. Re5 Rc2 28. Na5 b6 29. Nb3 Kf7 30. b5 cxb5 31. Rxb5 Nc3 32. Rxb6 Nxd1
33. Nc5 Rxc5 34. dxc5 Nxe3 35. c6 Nd5 36. Rb7+ Kf6 0-1

[Event "Open de Cambrai 2010"]
[Site "Cambrai"]
[Date "2010.??.??"]
[Round "2"]
[White "Dumas, Victor"]
[Black "Rolland, Benjamin"]
[Result "1/2-1/2"]
[WhiteElo "1852"]
[BlackElo "2125"]
[PlyCount "58"]
[EventDate "2010.06.??"]
[EventType "swiss"]
[EventRounds "6"]
[EventCountry "FRA"]

1. e4 Nc6 2. d4 e6 3. Nf3 d5 4. e5 f6 5. Bd3 Qe7 6. O-O Bd7 7. c3 Nh6 8. Bxh6
gxh6 9. Nbd2 O-O-O 10. b4 fxe5 11. dxe5 Qg7 12. Re1 Rg8 13. Bf1 Ne7 14. a4 Ng6
15. Nb3 Nf4 16. g3 Kb8 17. Kh1 Ng6 18. b5 h5 19. a5 h4 20. b6 cxb6 21. axb6
axb6 22. Qd4 Kc7 23. Ra7 Bc6 24. Rea1 Ne7 25. Bh3 Qf7 26. Nxh4 Nc8 27. R7a2 Be7
28. Ng2 Bg5 29. f4 Be7 1/2-1/2

[Event "Open de Cambrai 2010"]
[Site "Cambrai"]
[Date "2010.??.??"]
[Round "2"]
[White "Boguslavskij, Taras"]
[Black "Simon, Olivier"]
[Result "0-1"]
[WhiteElo "1973"]
[BlackElo "2332"]
[PlyCount "98"]
[EventDate "2010.06.??"]
[EventType "swiss"]
[EventRounds "6"]
[EventCountry "FRA"]

1. e4 c5 2. Nf3 e6 3. d4 cxd4 4. Nxd4 a6 5. Be2 Qc7 6. O-O Nf6 7. Bf3 Nc6 8.
Nxc6 dxc6 9. c4 Bc5 10. Qe2 e5 11. Be3 Qe7 12. Nc3 Be6 13. b3 Rd8 14. Bxc5 Qxc5
15. Na4 Qb4 16. Rfd1 Rxd1+ 17. Rxd1 b5 18. Nb2 bxc4 19. Nxc4 Bxc4 20. bxc4 O-O
21. Qc2 Rb8 22. h3 h6 23. Qd3 Kf8 24. Kh2 Ke8 25. Rd2 Qe7 26. Qc2 Rd8 27. Rxd8+
Qxd8 28. Qa4 Qb6 29. Qc2 Nd7 30. Bg4 Nc5 31. Qc3 f6 32. Bh5+ Ke7 33. Qg3 g5 34.
Qa3 a5 35. Bg6 Qb4 36. Qc1 Ne6 37. Bf5 Nd4 38. Bg4 a4 39. c5 a3 40. Bd1 Ne6 41.
f3 Nxc5 42. Qe3 h5 43. h4 gxh4 44. Kh3 Ne6 45. Kxh4 c5 46. Kxh5 Qb8 47. Qh6 Qg8
48. Bb3 Nf4+ 49. Qxf4 Qe8+ 0-1

[Event "Open de Cambrai 2010"]
[Site "Cambrai"]
[Date "2010.??.??"]
[Round "2"]
[White "Chalabi, Khaled"]
[Black "Faille, Alex"]
[Result "1/2-1/2"]
[WhiteElo "1499"]
[BlackElo "1752"]
[PlyCount "74"]
[EventDate "2010.06.??"]
[EventType "swiss"]
[EventRounds "6"]
[EventCountry "FRA"]

1. d4 d5 2. c4 c6 3. Nc3 e6 4. Nf3 Nf6 5. Bg5 Be7 6. e3 b6 7. Bd3 dxc4 8. Bxc4
Bb7 9. Qe2 O-O 10. O-O-O b5 11. Bd3 a5 12. Qc2 Nbd7 13. Ne4 Nxe4 14. Bxe7 Qxe7
15. Bxe4 Nf6 16. Bd3 Rfc8 17. Kb1 c5 18. Bxb5 Be4 19. Bd3 cxd4 20. Qe2 dxe3 21.
Bxe4 Nxe4 22. Qxe3 Qb7 23. Rc1 Rcb8 24. Rc2 h6 25. Rhc1 Ra6 26. Qa3 Rb6 27. b3
Nd6 28. Rc7 Qe4+ 29. Ka1 Qg6 30. Ne5 Qf6 31. Qb2 Rb5 32. Nc4 Qd8 33. Nxd6 Qxd6
34. Rc8+ Kh7 35. Qc2+ g6 36. Rxb8 Rxb8 37. g3 Qe5+ 1/2-1/2

[Event "Open de Cambrai 2010"]
[Site "Cambrai"]
[Date "2010.??.??"]
[Round "4"]
[White "Pizzo, Cyril"]
[Black "Pottier, Philippe"]
[Result "1-0"]
[WhiteElo "1828"]
[BlackElo "1480"]
[PlyCount "73"]
[EventDate "2010.06.??"]
[EventType "swiss"]
[EventRounds "6"]
[EventCountry "FRA"]

1. d4 Nf6 2. Nf3 g6 3. e3 Bg7 4. Bd3 d5 5. Nbd2 c6 6. O-O O-O 7. Re1 Nbd7 8. c3
Re8 9. e4 dxe4 10. Nxe4 Qc7 11. Neg5 Nf8 12. Bc4 Nd5 13. Qb3 h6 14. Ne4 e6 15.
Ng3 Bd7 16. Ne5 b5 17. Bd3 Rab8 18. Ng4 Kh7 19. Ne5 Kg8 20. Qc2 Ne7 21. Bf4 Qd8
22. Ng4 Kh7 23. Bxb8 Qxb8 24. Nh5 Nd5 25. Nxg7 Kxg7 26. Qd2 g5 27. h4 f6 28.
hxg5 fxg5 29. Ne5 Nf4 30. Be4 Qc8 31. g3 Nd5 32. Kg2 Ne7 33. Rh1 Ng8 34. Rh5
Qd8 35. Rah1 Qf6 36. Ng4 Qf7 37. Nxh6 1-0

[Event "FRA Cup 0910"]
[Site "FRA"]
[Date "2010.01.17"]
[Round "3"]
[White "Le Gallen, Luc"]
[Black "Favarel, Julien"]
[Result "0-1"]
[WhiteElo "2023"]
[BlackElo "2302"]
[PlyCount "46"]
[EventDate "2010.??.??"]
[EventType "team-match"]
[EventCountry "FRA"]

1. e4 c5 2. Nf3 Nc6 3. Nc3 Nf6 4. d4 cxd4 5. Nxd4 e5 6. Ndb5 d6 7. Nd5 Nxd5 8.
exd5 Nb8 9. c4 Be7 10. Be2 O-O 11. O-O a6 12. Nc3 f5 13. Kh1 Nd7 14. f4 Bf6 15.
Qc2 g6 16. Be3 Qc7 17. Rac1 exf4 18. Bxf4 b6 19. Qd2 Ne5 20. b3 Bd7 21. Bf3
Rae8 22. Ne2 Re7 23. Bg5 Nxf3 0-1

[Event "FRA Cup 0910"]
[Site "FRA"]
[Date "2010.01.17"]
[Round "3"]
[White "Fantinel, Thibault"]
[Black "Mesples, Jean Marc"]
[Result "1-0"]
[WhiteElo "2174"]
[BlackElo "1877"]
[PlyCount "69"]
[EventDate "2010.??.??"]
[EventType "team-match"]
[EventCountry "FRA"]

1. e4 e5 2. Nf3 Nc6 3. Bb5 a6 4. Ba4 Nf6 5. O-O Be7 6. Re1 b5 7. Bb3 O-O 8. d4
exd4 9. e5 Ne8 10. Bd5 Bb7 11. Nxd4 Na5 12. Bxb7 Nxb7 13. Qf3 c6 14. Nc3 Bg5
15. Bxg5 Qxg5 16. Rad1 Rd8 17. g3 g6 18. Qg2 Nc5 19. f4 Qe7 20. a3 a5 21. Qf2
Ng7 22. Ndxb5 cxb5 23. Nd5 Qe6 24. Qxc5 Nf5 25. Qxb5 Rb8 26. Qxd7 Rxb2 27. Nf6+
Kg7 28. Qxe6 fxe6 29. c4 Rb3 30. c5 Rc3 31. Rc1 Rxa3 32. Red1 Rc8 33. c6 Ne3
34. Rd7+ Kf8 35. Rxh7 1-0

[Event "FRA Cup 0708"]
[Site "FRA"]
[Date "2007.12.09"]
[Round "3.2"]
[White "Beaugeard, Meddy"]
[Black "Salaun, Michel"]
[Result "0-1"]
[WhiteElo "1887"]
[BlackElo "2068"]
[PlyCount "74"]
[EventDate "2008.05.25"]
[EventType "team-match"]
[EventCountry "FRA"]
[WhiteTeam "Asnières"]
[BlackTeam "Pontoise"]

1. Nf3 d5 2. g3 Bg4 3. Bg2 Nd7 4. d4 Ngf6 5. c3 e6 6. Ne5 Nxe5 7. dxe5 Nd7 8.
Qd4 Bf5 9. f4 a6 10. Nd2 c5 11. Qf2 c4 12. e4 Nc5 13. O-O Bg4 14. Bf3 Nd3 15.
Qe2 Bc5+ 16. Kg2 Bxf3+ 17. Nxf3 Qd7 18. b4 Ba7 19. Be3 dxe4 20. Nd4 h5 21. a4
h4 22. b5 h3+ 23. Kg1 g5 24. f5 Nxe5 25. fxe6 fxe6 26. Rf6 Bxd4 27. cxd4 Nf3+
28. Kh1 axb5 29. Qb2 Ke7 30. d5 Qxd5 31. Rg6 Rhf8 32. Qg7+ Rf7 33. Qh6 Rxa4 34.
Rxe6+ Qxe6 35. Bc5+ Kd7 36. Rd1+ Nd4 37. Rxd4+ Kc7 0-1

[Event "FRA Cup 0607"]
[Site "Toulouse"]
[Date "2006.12.17"]
[Round "2.1"]
[White "Touvron, Fabrice"]
[Black "Milesi, Laurent"]
[Result "1/2-1/2"]
[WhiteElo "1995"]
[BlackElo "2110"]
[PlyCount "81"]
[EventDate "2007.??.??"]
[EventType "team-match"]
[EventCountry "FRA"]
[WhiteTeam "Marseille"]
[BlackTeam "Evry"]
[WhiteTeamCountry "FRA"]
[BlackTeamCountry "FRA"]

1. c4 b6 2. Nc3 Bb7 3. e4 e6 4. Nf3 c5 5. d4 cxd4 6. Nxd4 d6 7. Be2 Nf6 8. O-O
Be7 9. f3 O-O 10. Nc2 a6 11. Ne3 Qc7 12. Kh1 Nbd7 13. b3 b5 14. Bb2 b4 15. Nb1
a5 16. Nd2 Nc5 17. Nc2 Bc6 18. Nd4 Nfd7 19. Qc2 Bf6 20. a4 Rac8 21. f4 Rfe8 22.
Bf3 Bxd4 23. Bxd4 e5 24. Bxc5 dxc5 25. f5 Nf6 26. Rfe1 Rcd8 27. Nf1 Rd4 28. g4
h6 29. Ng3 Red8 30. Rad1 R8d6 31. Rxd4 Rxd4 32. Rd1 Qd6 33. Rxd4 Qxd4 34. Kg2
Kf8 35. Qf2 Ke7 36. Qxd4 cxd4 37. Kf2 Nd7 38. Nf1 Nc5 39. Nd2 Kd6 40. h4 f6 41.
Ke2 1/2-1/2

[Event "FRA Cup 0607"]
[Site "Toulouse"]
[Date "2006.12.17"]
[Round "2.3"]
[White "Fevat, Tristan"]
[Black "Riviere, Cedric"]
[Result "1-0"]
[WhiteElo "2076"]
[BlackElo "1750"]
[PlyCount "67"]
[EventDate "2007.??.??"]
[EventType "team-match"]
[EventCountry "FRA"]
[WhiteTeam "Evry"]
[BlackTeam "Marseille"]
[WhiteTeamCountry "FRA"]
[BlackTeamCountry "FRA"]

1. c3 e5 2. Qc2 Nf6 3. d3 d5 4. Nd2 Nc6 5. Ngf3 Bd6 6. e4 O-O 7. Be2 Bd7 8. O-O
Ne7 9. Re1 Ng6 10. Nf1 c6 11. Ng3 h6 12. h3 Qc7 13. a3 a5 14. b3 Rfe8 15. Bb2
Nf4 16. Bf1 b5 17. d4 dxe4 18. Nxe5 Bxe5 19. dxe5 Qxe5 20. c4 Qc5 21. Bxf6 gxf6
22. Rxe4 Rxe4 23. Qxe4 Qe5 24. Rd1 Ra7 25. Re1 Ng6 26. Qb1 Qb8 27. Qb2 Qd8 28.
Nh5 Bf5 29. Nxf6+ Kf8 30. Re8+ Qxe8 31. Nxe8 Kxe8 32. cxb5 cxb5 33. Bxb5+ Kf8
34. Qf6 1-0

[Event "FRA Cup 0607"]
[Site "Toulouse"]
[Date "2006.12.17"]
[Round "2.4"]
[White "Genre, Vincent"]
[Black "Maruejols, Claude"]
[Result "0-1"]
[WhiteElo "1570"]
[BlackElo "2044"]
[PlyCount "56"]
[EventDate "2007.??.??"]
[EventType "team-match"]
[EventCountry "FRA"]
[WhiteTeam "Marseille"]
[BlackTeam "Evry"]
[WhiteTeamCountry "FRA"]
[BlackTeamCountry "FRA"]

1. e4 c5 2. Nf3 d6 3. d4 cxd4 4. Nxd4 Nf6 5. Nc3 a6 6. Bg5 e6 7. f4 Be7 8. Qf3
h6 9. Bxf6 Bxf6 10. O-O-O Qc7 11. g4 Nc6 12. Nb3 Rb8 13. Bg2 Bd7 14. Rhe1 b5
15. Nd5 exd5 16. exd5+ Ne7 17. Nd4 O-O 18. Qg3 Rbc8 19. Re2 Qc4 20. Rdd2 Bxd4
21. Rxe7 Rc7 22. Re4 Qxa2 23. Rdxd4 Qa1+ 24. Kd2 Rfc8 25. Qb3 Bxg4 26. Re1
Rxc2+ 27. Qxc2 Rxc2+ 28. Kxc2 Qxe1 0-1

[Event "FRA Cup 0607"]
[Site "Toulouse"]
[Date "2006.12.17"]
[Round "2.3"]
[White "Duplessy, Franck"]
[Black "Sarr, Ousmane"]
[Result "1-0"]
[WhiteElo "2068"]
[BlackElo "1690"]
[PlyCount "90"]
[EventDate "2007.??.??"]
[EventType "team-match"]
[EventCountry "FRA"]
[WhiteTeamCountry "FRA"]
[BlackTeamCountry "FRA"]

1. e4 e5 2. d4 exd4 3. c3 d5 4. e5 Bf5 5. cxd4 Bxb1 6. Rxb1 Bb4+ 7. Bd2 Bxd2+
8. Qxd2 Ne7 9. b4 O-O 10. Bd3 Nd7 11. Rb3 Ng6 12. Nf3 Nh4 13. Nxh4 Qxh4 14. O-O
Rae8 15. Bb1 Qe7 16. f4 f5 17. Rc1 c6 18. a3 Nb6 19. Bd3 Qe6 20. Qc2 Rc8 21.
Rc3 Qh6 22. Rf1 Qe6 23. a4 Qe7 24. Rb1 Nd7 25. Bxf5 g6 26. Rg3 Kh8 27. Bxd7
Qxd7 28. Rf3 Qg4 29. Qf2 Qf5 30. Re1 Rb8 31. h3 b6 32. g4 Qe6 33. f5 gxf5 34.
gxf5 Qh6 35. f6 Rbe8 36. e6 Rxe6 37. Rxe6 Qg6+ 38. Kh2 h6 39. Re7 Rg8 40. Rg3
Qh5 41. Qc2 Rg6 42. Re8+ Kh7 43. f7 Qg5 44. f8=N+ Kg7 45. Rxg5 Rxg5 1-0

[Event "FRA Cup 0607"]
[Site "Toulouse"]
[Date "2008.02.??"]
[Round "?"]
[White "Lavayssieres, Herve"]
[Black "Cwiek, Loic"]
[Result "1-0"]
[WhiteElo "1510"]
[BlackElo "1994"]
[PlyCount "53"]
[EventDate "2007.??.??"]
[EventType "team-match"]
[EventCountry "FRA"]
[WhiteTeamCountry "FRA"]
[BlackTeamCountry "FRA"]

1. d4 d5 2. c4 e6 3. Nc3 Nf6 4. Nf3 c6 5. e3 Nbd7 6. Be2 dxc4 7. Bxc4 b5 8. Bb3
Bb7 9. O-O a6 10. Bd2 c5 11. Ne2 Bd6 12. Ng3 O-O 13. Rc1 Qb6 14. Bc2 Bxf3 15.
Qxf3 cxd4 16. Ne4 Bc7 17. Rfd1 Rfd8 18. exd4 Nxe4 19. Bxe4 Rac8 20. Be3 Qd6 21.
g3 Nf6 22. Bf4 Qb6 23. Bb7 Nd5 24. Bxc8 Rxc8 25. Bxc7 Rxc7 26. Rxc7 Qxc7 27.
Qe2 1-0

[Event "FRA Cup 0607"]
[Site "Toulouse"]
[Date "2008.02.??"]
[Round "?"]
[White "Muratet, Lucas"]
[Black "Moine, Charles"]
[Result "1-0"]
[WhiteElo "1882"]
[BlackElo "1499"]
[PlyCount "38"]
[EventDate "2007.??.??"]
[EventType "team-match"]
[EventCountry "FRA"]
[WhiteTeamCountry "FRA"]
[BlackTeamCountry "FRA"]

1. e4 e5 2. Nf3 Nc6 3. Bb5 Nge7 4. O-O a6 5. Bc4 b5 6. Bb3 h6 7. d4 Ng6 8. dxe5
Ngxe5 9. Nxe5 Nxe5 10. Qd5 Qf6 11. Qxa8 Kd8 12. Nc3 c6 13. f4 Bc5+ 14. Kh1 Ng4
15. g3 Re8 16. Bd2 Qd6 17. Rad1 Ne3 18. Bxe3 Qc7 19. Bxc5 d6 1-0

[Event "FRA Cup 0607"]
[Site "Toulouse"]
[Date "2008.02.??"]
[Round "?"]
[White "Muratet, Lucas"]
[Black "Vidalenc, Dimitri"]
[Result "1-0"]
[WhiteElo "1882"]
[BlackElo "150"]
[PlyCount "49"]
[EventDate "2007.??.??"]
[EventType "team-match"]
[EventCountry "FRA"]
[WhiteTeamCountry "FRA"]
[BlackTeamCountry "FRA"]

1. e4 c5 2. Nf3 d6 3. d4 cxd4 4. Nxd4 Nf6 5. Nc3 g6 6. Be3 Bg7 7. f3 O-O 8. Bc4
Nc6 9. Qd2 Bd7 10. O-O-O Rc8 11. Bb3 Na5 12. h4 Nxb3+ 13. cxb3 d5 14. e5 Ne8
15. Bh6 Nc7 16. h5 Nb5 17. Ndxb5 Bxb5 18. Bxg7 Kxg7 19. hxg6 h5 20. Rxh5 Rh8
21. Rdh1 Qb6 22. Rxh8 Rxh8 23. Rxh8 Qg1+ 24. Kc2 Bd3+ 25. Kxd3 1-0

[Event "FRA Cup 0607"]
[Site "Toulouse"]
[Date "2008.02.??"]
[Round "?"]
[White "Nassar, Christophe"]
[Black "Bono, Anna"]
[Result "1-0"]
[WhiteElo "1510"]
[BlackElo "1090"]
[PlyCount "71"]
[EventDate "2007.??.??"]
[EventType "team-match"]
[EventCountry "FRA"]
[WhiteTeamCountry "FRA"]
[BlackTeamCountry "FRA"]

1. e4 e5 2. f4 Nc6 3. Nf3 Bd6 4. Bc4 Nf6 5. d3 O-O 6. fxe5 Bxe5 7. O-O d6 8.
Bg5 Re8 9. d4 Bf4 10. e5 Bxg5 11. Nxg5 Ng4 12. Bxf7+ Kf8 13. Nxh7+ Ke7 14. Qf3
Nxd4 15. Qd3 Ne6 16. Bxe8 Qxe8 17. Nc3 Nxe5 18. Nd5+ Kd8 19. Qc3 c6 20. Nf4 Nc5
21. Rad1 Qe7 22. Qxc5 Kd7 23. Rfe1 Kc7 24. Rxe5 dxc5 25. Rxe7+ Kb8 26. Rd8 a6
27. Nf8 Ka7 28. N4e6 Kb6 29. Nd7+ Kb5 30. Nc7+ Ka5 31. Nxa8 Bxd7 32. Rdxd7 b6
33. Ra7 g6 34. Reb7 c4 35. Rxb6 Ka4 36. Raxa6# 1-0

[Event "FRA Cup 0607"]
[Site "Toulouse"]
[Date "2008.02.??"]
[Round "?"]
[White "Vidalenc, Dimitri"]
[Black "Roques, Pascal"]
[Result "1-0"]
[WhiteElo "1750"]
[BlackElo "1950"]
[PlyCount "60"]
[EventDate "2007.??.??"]
[EventType "team-match"]
[EventCountry "FRA"]
[WhiteTeam "Draguignan"]
[BlackTeam "Aix en Provence"]
[WhiteTeamCountry "FRA"]
[BlackTeamCountry "FRA"]

1. e4 Nc6 2. d4 d5 3. e5 f6 4. Bd3 g6 5. f4 Nxd4 6. Bxg6+ hxg6 7. Qxd4 Nh6 8.
Nf3 Bg4 9. Nc3 Bxf3 10. gxf3 c6 11. Rg1 Nf5 12. Qd3 Rxh2 13. Bd2 Qd7 14. O-O-O
O-O-O 15. Rxg6 Nh4 16. Rg4 Bh6 17. Ne2 Rf8 18. Nd4 c5 19. e6 Qa4 20. Nb3 c4 21.
Qxd5 cxb3 22. f5 Bxd2+ 23. Rxd2 Rh1+ 24. Rd1 Rxd1+ 25. Qxd1 Qxg4 26. fxg4 bxa2
27. Qd7+ Kb8 28. Qa4 Nf3 29. Qxa2 Ne5 30. Qa4 Nxg4 1-0

[Event "FRA Cup 0607"]
[Site "Toulouse"]
[Date "2008.02.??"]
[Round "?"]
[White "Yetna, Lionel"]
[Black "Vidalenc, Dimitri"]
[Result "0-1"]
[WhiteElo "1570"]
[BlackElo "1750"]
[PlyCount "78"]
[EventDate "2007.??.??"]
[EventType "team-match"]
[EventCountry "FRA"]
[WhiteTeamCountry "FRA"]
[BlackTeamCountry "FRA"]

1. Nf3 g6 2. c4 Bg7 3. d4 Nf6 4. Nc3 O-O 5. Bf4 d6 6. e4 Nh5 7. Be3 Nd7 8. Be2
c5 9. d5 Nb6 10. Qd2 e5 11. Bh6 f5 12. Bxg7 Kxg7 13. Qg5 Qxg5 14. Nxg5 h6 15.
Ne6+ Bxe6 16. dxe6 Nf4 17. b3 Nxe2 18. Kxe2 a6 19. Rhd1 Rfd8 20. Nd5 Nxd5 21.
exd5 Kf6 22. Ke3 b5 23. f4 e4 24. Rac1 b4 25. Rg1 h5 26. h3 Rh8 27. Rh1 a5 28.
Rcg1 a4 29. Ra1 axb3 30. axb3 g5 31. g3 gxf4+ 32. gxf4 Rhg8 33. Kf2 h4 34. Ra4
Rxa4 35. bxa4 Rg3 36. Rh2 Ra3 37. Kg1 Ra1+ 38. Kf2 Ra2+ 39. Kg1 Rxh2 0-1

[Event "FRA Cup 0405"]
[Site "FRA"]
[Date "2005.04.10"]
[Round "5.1"]
[White "Chabradze, Boris"]
[Black "Jolly, Jean Francois"]
[Result "0-1"]
[WhiteElo "2126"]
[BlackElo "2176"]
[PlyCount "116"]
[EventDate "2005.03.06"]
[EventType "team-match"]
[EventCountry "FRA"]
[WhiteTeamCountry "FRA"]
[BlackTeamCountry "FRA"]

1. e4 e5 2. Nf3 Nc6 3. d4 exd4 4. Nxd4 Bc5 5. Nxc6 Qf6 6. Qf3 Qxf3 7. gxf3 bxc6
8. Be3 Bb6 9. Rg1 Ne7 10. c4 Rb8 11. b3 Bxe3 12. fxe3 d6 13. Nc3 Rg8 14. h4 Be6
15. O-O-O f6 16. f4 g6 17. Be2 Kf7 18. h5 Rh8 19. Bf3 Rbg8 20. Rdf1 Bh3 21. Rf2
gxh5 22. Bxh5+ Kf8 23. Rh1 Rg2 24. Nd1 Rxf2 25. Nxf2 Be6 26. f5 Bf7 27. Ng4 Ng8
28. Kc2 h6 29. Kc3 Rh7 30. Kb4 Bxh5 31. Rxh5 Rg7 32. Rh4 h5 33. Nf2 Rg2 34. Nd3
Rxa2 35. Rxh5 Re2 36. Nf4 Rxe3 37. Ne6+ Kf7 38. Rh7+ Ke8 39. Nxc7+ Kf8 40. Ne6+
Ke8 41. Rh8 Kf7 42. Rh7+ Ke8 43. Rxa7 c5+ 44. Kb5 Rxb3+ 45. Kc6 Ne7+ 46. Kxd6
Nc8+ 47. Kxc5 Nxa7 48. Nc7+ Kf7 49. Nd5 Nc8 50. Kc6 Ne7+ 51. Kd6 Nxd5 52. exd5
Re3 53. c5 Ke8 54. c6 Kd8 55. c7+ Kc8 56. Kc6 Rf3 57. d6 Rd3 58. Kc5 Kd7 0-1

[Event "FRA Cup 0405"]
[Site "FRA"]
[Date "2005.01.16"]
[Round "?"]
[White "Devecchi, Jorge"]
[Black "Ravon, Michel"]
[Result "1/2-1/2"]
[WhiteElo "1740"]
[BlackElo "1640"]
[PlyCount "89"]
[EventDate "2005.03.06"]
[EventType "team-match"]
[EventCountry "FRA"]
[WhiteTeamCountry "FRA"]
[BlackTeamCountry "FRA"]

1. e4 c6 2. d4 d5 3. e5 c5 4. c3 Nc6 5. Nf3 Bg4 6. Bb5 e6 7. O-O Qb6 8. Bxc6+
bxc6 9. dxc5 Bxc5 10. b4 Be7 11. Be3 Qc7 12. Nbd2 Nh6 13. Bxh6 gxh6 14. h3 Bh5
15. Re1 Rg8 16. Qa4 Bg5 17. g4 Qb6 18. Nb3 Be7 19. Kf1 Bg6 20. Nfd4 Bd3+ 21.
Kg2 Kd7 22. Qa5 h5 23. f3 hxg4 24. hxg4 h5 25. Rh1 hxg4 26. f4 Be4+ 27. Kg3
Bxh1 28. Rxh1 Rh8 29. Rxh8 Rxh8 30. Kxg4 Qxa5 31. Nxa5 c5 32. Ndc6 cxb4 33.
cxb4 a6 34. a4 Rc8 35. b5 axb5 36. axb5 Bc5 37. Nb7 Bb6 38. Nd6 Rf8 39. Kg5 d4
40. Kf6 d3 41. Nc4 d2 42. Nxd2 Be3 43. Kg7 Rc8 44. Nc4 Bc5 45. Nd6 1/2-1/2

[Event "FRA Cup 0405"]
[Site "FRA"]
[Date "2005.01.16"]
[Round "?"]
[White "Hoareau, Nicolas"]
[Black "Golic, Nadil"]
[Result "1/2-1/2"]
[WhiteElo "1910"]
[BlackElo "1900"]
[PlyCount "62"]
[EventDate "2005.03.06"]
[EventType "team-match"]
[EventCountry "FRA"]
[WhiteTeamCountry "FRA"]
[BlackTeamCountry "FRA"]

1. d4 d5 2. Nf3 Nf6 3. e3 Bf5 4. c4 c6 5. Nc3 e6 6. Be2 Nbd7 7. O-O Be7 8. Nh4
Bg6 9. Bd2 Ne4 10. Nxg6 Nxc3 11. Bxc3 hxg6 12. cxd5 exd5 13. g3 Nf6 14. Rc1 Qd7
15. f3 Bd6 16. Rf2 O-O-O 17. Qc2 Rde8 18. Bd2 Kb8 19. b4 Rh7 20. Bf1 Reh8 21.
Rg2 Qc7 22. b5 cxb5 23. Qb2 Qb6 24. Qxb5 Qxb5 25. Bxb5 Rc8 26. Rxc8+ Kxc8 27.
Ba5 Rh8 28. Rc2+ Kb8 29. Bd2 Rc8 30. Rb2 Ba3 31. Rb3 Rc2 1/2-1/2

[Event "FRA Cup 0405"]
[Site "FRA"]
[Date "2005.01.16"]
[Round "?"]
[White "Lecoultre, Patrick"]
[Black "Rouede, Gilbert"]
[Result "0-1"]
[WhiteElo "1753"]
[BlackElo "1842"]
[PlyCount "85"]
[EventDate "2005.03.06"]
[EventType "team-match"]
[EventCountry "FRA"]
[WhiteTeamCountry "FRA"]
[BlackTeamCountry "FRA"]

1. d4 d5 2. Nf3 Nf6 3. c4 c6 4. e3 Bf5 5. cxd5 cxd5 6. Qb3 Qc8 7. Bb5+ Nc6 8.
Bd2 e6 9. Bb4 Bc2 10. Qa3 Bxb4+ 11. Qxb4 a6 12. Bxc6+ bxc6 13. Ne5 Nd7 14. Nxd7
Kxd7 15. Nd2 Bd3 16. Nf3 f6 17. Rc1 Rd8 18. Qc3 Bb5 19. Nd2 Qc7 20. Nb3 Rac8
21. Nc5+ Ke7 22. a4 Qb6 23. axb5 cxb5 24. O-O a5 25. b3 Rc7 26. Qd3 g6 27. Rc2
Rdc8 28. Rfc1 f5 29. f3 e5 30. Qd2 e4 31. Ra1 b4 32. Rac1 Qc6 33. Kf2 Qd6 34.
f4 g5 35. g3 Qh6 36. Kg2 gxf4 37. exf4 Rg8 38. Ra2 Ra7 39. Na4 Qd6 40. Rac2 Kf7
41. Qe2 Qxf4 42. Qh5+ Kf6 43. Rc6+ 0-1